00511nam a2200157Ia 4500008004100000020001500041041000800056082001600064100003700080245011100117250001100228260006500239300001000304500001800314650002100332260520s2017 xx 000 0 und d a8188764205 amar a891.465/GAR aगारे, गोविंद aआदिवासी साहित्य संमेलन अध्यक्षीय भाषणे a2nd ed aपुणेbसुगावा प्रकाशनc2017 a110p. aCat No: 14889 aMARATHI SPEECHES